| 000 | 00857nam a22002297a 4500 | ||
|---|---|---|---|
| 999 |
_c5953 _d5953 |
||
| 003 | AR-CdUCM | ||
| 008 | 190313b ||||| |||| 00| 0 spa d | ||
| 020 | _a978-612-46643-7-3 | ||
| 040 |
_aMUNICIPALIDAD PROVINCIAL DEL CUSCO _cBIBLIOTECA MUNICIPAL DEL CUSCO |
||
| 082 |
_a306.874 / _bR97 |
||
| 100 |
_aRuthe, Reinhold _95111 |
||
| 245 | _aEl gran libro para padres / | ||
| 260 |
_aCusco : _bÁguila, _c2016. |
||
| 300 |
_a86 páginas ; _c21 cm. |
||
| 440 |
_aParte. _n1 _917473 |
||
| 505 | _aContenido: La familia y la educación -- Reglas fundamentales para la educación -- Los medios de la educación -- Tenemos una conferencia familiar -- Las cuatro metas erróneas en la educación. | ||
| 650 |
_aPadres e hijos _98978 |
||
| 650 |
_aRelaciones familiares _917474 |
||
| 650 |
_aConsejos, reflexiones _917475 |
||
| 942 |
_2ddc _cLIBROS |
||
| 945 | _aachl | ||